| 000 | 00631nam a2200217Ia 4500 | ||
|---|---|---|---|
| 003 | OSt | ||
| 005 | 20230516101902.0 | ||
| 008 | 210423s2010 xx 000 0 und d | ||
| 020 | _a9781555814984 | ||
| 040 | _cAL | ||
| 041 | _aeng | ||
| 082 |
_a660.6 GLIB _223 |
||
| 100 |
_aGLICK (Bernard R);others. _9104697 |
||
| 245 | _aMolecular biotechnology: principles and applications of recombinant DNA. | ||
| 250 | _a4 | ||
| 260 |
_aNew York _bASM Publishers _c2010 |
||
| 300 |
_axvii,1000 _bPB |
||
| 365 |
_b7077 _cINR |
||
| 906 | _aapplications ; biotechnology: ; DNA. ; Molecular ; principles ; recombinant | ||
| 942 |
_2ddc _cBK |
||
| 999 |
_c164774 _d164774 |
||